000 00617nam a2200241 a 4500
003 AR-BaBNM
005 20251128204127.0
008 082120s2002 ||||||||||||||000 | spa||
020 _a950-25-2602-3
040 _cAR-BaBNM
100 1 _aQuiroga, Horacio
245 0 0 _aMás allá
260 _aBuenos Aires
_bCentro Editor de América Latina
_c1991
300 _aviii, 123 p.
490 0 _aBiblioteca básica Argentina. Serie B
650 4 _aLITERATURA ARGENTINA
650 4 _aSIGLO VEINTE
650 4 _aREALISMO
653 _aCUENTOS ARGENTINOS
655 _aLITERATURA
942 _cBK
998 _cGrace
999 _c6275
_d6275